Commémoration du centenaire de la naissance du Général Ibáñez de Ibero, Marquis de Mulhacén (Record no. 81824)

MARC details
000 -LEADER
campo de control de longitud fija 00677nam a2200181 i 4500
001 - NÚMERO DE CONTROL
campo de control 81824
003 - IDENTIFICADOR DE NÚMERO DE CONTROL
campo de control ES-MaACL
005 - FECHA Y HORA DE LA ÚLTIMA TRANSACCIÓN
campo de control 20250407063106.0
007 - CAMPO FIJO DE DESCRIPCIÓN FÍSICA--INFORMACIÓN GENERAL
campo de control de longitud fija t|
008 - DATOS DE LONGITUD FIJA--INFORMACIÓN GENERAL
campo de control de longitud fija 041108s1925 fr ||||1| fre d
100 1# - ENTRADA PRINCIPAL--NOMBRE DE PERSONA
Nombre de persona Ibáñez de Ibero, Carlos,
Títulos y otros términos asociados al nombre Marqués de Mulhacén,
Fechas asociadas al nombre 1888-1966
9 (RLIN) 151481
245 10 - MENCIÓN DEL TÍTULO
Título Commémoration du centenaire de la naissance du Général Ibáñez de Ibero, Marquis de Mulhacén
Resto del título : discours prononcés le 29 mai 1925, a la Sorbonne.
260 ## - PUBLICACIÓN, DISTRIBUCIÓN, ETC.
Lugar de publicación, distribución, etc. Paris :
Nombre del editor, distribuidor, etc. Paul Dupont,
Fecha de publicación, distribución, etc. 1925.
300 ## - DESCRIPCIÓN FÍSICA
Extensión 24 p., 1 lám. ;
Dimensiones 25 cm.
600 17 - PUNTO DE ACCESO ADICIONAL DE MATERIA--NOMBRE DE PERSONA
Nombre de persona Ibáñez de Ibero, Carlos,
Fechas asociadas al nombre 1825-1891
Fuente del encabezamiento o término
9 (RLIN) 151491
852 ## - LOCALIZACIÓN
Ubicación ES-MaACL
Número de control de estantería 1687-F-14
Holdings
Estatus retirado Estado de pérdida Estado de daño No para préstamo Colección Biblioteca de origen Biblioteca actual Ubicación en estantería Fecha de adquisición Fuente de adquisición Total de préstamos Signatura topográfica completa Código de barras Visto por última vez Precio de reemplazo Tipo de ítem Koha
        Colección de folletos Biblioteca del Ateneo de Madrid Biblioteca del Ateneo de Madrid Depósito folletos 17/01/2008     1687-F-14 1085523 23/02/2023 23/02/2023 Folleto